000 00632 a2200205 4500
999 _c4367
_d4367
010 _aENG-86279
020 _a818333184X
_c150.00
035 _aEN-69812
037 _bDBAD / PUB
082 1 4 _a005.756
100 1 _aEarp, Richard,
245 1 0 _aAdvanced SQL functions in Oracle 10g
_cby Richard Walsh Earp[and] Sikha Saha Bagui.
260 _aNew Delhi
_bBPB Publications
_c2007
300 _axvii, 397 p.
_c23 cm. (Pbk)
500 _aIncludes index.
650 0 _aSQL (Computer program language)
650 0 _aComputer database
700 1 _aBagui, Sikha Saha
_d1964-
942 _adpl
_cEN
_2ddc
_h005.756
_mEAR